00947nam a22002297a 4500003000900000008004100009020002200050040007100072082001800143100002800161245004300189260006400232300004400296505012400340650002400464650001500488650002100503650002500524700002000549700002000569710012800589AR-CdUCM190321b ||||| |||| 00| 0 spa d a978-9972-2912-5-8 aMUNICIPALIDAD PROVINCIAL DEL CUSCOcBIBLIOTECA MUNICIPAL DEL CUSCO a639.31 /bG15 aGaldino Leite, Rosseval aLarvas dos grandes bagres migradores / aLima :bInstituto Nacional da Pesquisas de Amazonia,c2007. a127 páginas ;bIlustraciones,c15 cm. aLas larvas en el ambiente amazónico -- Fases de desarrollo -- Colectas y análisis -- Descripción de las especies. aPeces de agua dulce aEcología aPesca sostenible aRegión de la Selva aCañas, Carlos aForsberg, Bruce aInstituto Nacional de Pesquisas da Amazônia (Brasil)tAsociación para la Conservación de la Cuenca Amazónica (Lima)